000 00488nam a2200181 a 4500
001 1767946523242
003 YourLibrary
005 20260110115631.0
008 260109s2003##################000#0#eng##
020 _a9780071408615
082 0 4 _a302
_bMAL
100 1 _aMalandro, Loretta,
_eauthor.
245 1 0 _aSay It Right the First Time :
260 _bMcGraw-Hill Education,
_c2003.
650 0 _aBusiness & Economics.
942 _cENGLISH
040 _aYourLibrary
_beng
_cYourLibrary
999 _c608003
_d608003